[Event "Albert Boxer Classic"]
[Site "Winnipeg CAN"]
[Date "2000.09.03"]
[Round "3"]
[White "Kaptsan, Aron"]
[Black "Khedkar, Jay S"]
[Result "1/2-1/2"]
[WhiteElo "2125"]
[BlackElo "1994"]
[PlyCount "43"]
[GameId "2160767911652547"]
[EventDate "2000.09.02"]
[EventType "swiss"]
[EventRounds "5"]
[EventCountry "CAN"]
[SourceTitle "EXT 2003"]
[Source "ChessBase"]
[SourceDate "2002.11.25"]
[SourceVersion "1"]
[SourceVersionDate "2002.11.25"]
[SourceQuality "1"]

1. d4 d5 2. c4 e6 3. Nc3 Nf6 4. Bg5 Nbd7 5. e3 c6 6. cxd5 exd5 7. Qc2 Be7 8. Nf3 O-O 9. Bd3 Re8 10. h3 Nf8 11. Bf4 Ne6 12. Be5 Bd7 13. Bxf6 Bxf6 14. Bxh7+ Kh8 15. Bd3 Bxd4 16. O-O Bf6 17. Rad1 Qa5 18. Rfe1 Nc5 19. Bf1 Rad8 20. Nd4 Ne4 21. Nb3 Qb6 22. Nxe4 1/2-1/2

[Event "Albert Boxer Classic"]
[Site "Winnipeg CAN"]
[Date "2000.09.03"]
[Round "3"]
[White "Lipnowski, Michael"]
[Black "Babb, Jeff"]
[Result "0-1"]
[WhiteElo "1749"]
[BlackElo "2223"]
[PlyCount "94"]
[GameId "2160767911652548"]
[EventDate "2000.09.02"]
[EventType "swiss"]
[EventRounds "5"]
[EventCountry "CAN"]
[SourceTitle "EXT 2003"]
[Source "ChessBase"]
[SourceDate "2002.11.25"]
[SourceVersion "1"]
[SourceVersionDate "2002.11.25"]
[SourceQuality "1"]

1. d4 Nf6 2. c4 c5 3. d5 b5 4. cxb5 a6 5. bxa6 Bxa6 6. Nc3 d6 7. e4 Bxf1 8. Kxf1 g6 9. Nf3 Bg7 10. g3 O-O 11. Kg2 Nbd7 12. Re1 Ng4 13. Qc2 Qb6 14. Nd2 Qa6 15. a3 Nde5 16. Rb1 Nxf2 17. Rf1 Nfd3 18. Nf3 Nxf3 19. Kxf3 f5 20. Kg2 fxe4 21. Bg5 Rab8 22. Rxf8+ Rxf8 23. Nxe4 Nxb2 24. Bxe7 Re8 25. Bf6 Qc4 26. Rxb2 Qxc2+ 27. Rxc2 Rxe4 28. Kf3 Ra4 29. Bxg7 Kxg7 30. Rc3 Rd4 31. Ke3 Rxd5 32. a4 Re5+ 33. Kd3 Kf6 34. a5 c4+ 35. Kxc4 Rxa5 36. Rb3 Ra2 37. h4 Rd2 38. Rb7 h5 39. Rb5 Rg2 40. Rg5 Rd2 41. Kc3 Rf2 42. Rd5 Rf3+ 43. Kc4 Rxg3 44. Rxd6+ Kf5 45. Rd5+ Kg4 46. Rd4+ Kh3 47. Rd6 Kxh4 0-1

[Event "Albert Boxer Classic"]
[Site "Winnipeg CAN"]
[Date "2000.09.03"]
[Round "3"]
[White "Lipnowski, Samuel"]
[Black "Hanrahan, Nigel"]
[Result "1-0"]
[WhiteElo "1975"]
[BlackElo "1635"]
[PlyCount "107"]
[GameId "2160767911652549"]
[EventDate "2000.09.02"]
[EventType "swiss"]
[EventRounds "5"]
[EventCountry "CAN"]
[SourceTitle "EXT 2003"]
[Source "ChessBase"]
[SourceDate "2002.11.25"]
[SourceVersion "1"]
[SourceVersionDate "2002.11.25"]
[SourceQuality "1"]

1. e4 c6 2. d3 d5 3. Nd2 e5 4. Ngf3 Bg4 5. h3 Bxf3 6. Qxf3 Nf6 7. Qg3 Nbd7 8. Be2 Qa5 9. O-O O-O-O 10. c3 g6 11. b4 Qc7 12. a4 Bh6 13. Qf3 Rhf8 14. b5 Bxd2 15. Bxd2 dxe4 16. dxe4 Ng8 17. bxc6 Qxc6 18. Bg5 f6 19. Be3 f5 20. Bxa7 Qxe4 21. Qxe4 fxe4 22. Be3 b6 23. Rfb1 Kc7 24. a5 bxa5 25. Rxa5 Ra8 26. Rab5 Rfb8 27. Rxb8 Rxb8 28. Rxb8 Nxb8 29. Kf1 Kc6 30. Ke1 h6 31. Bc4 Nf6 32. Bxh6 Nd5 33. Kd2 Kc5 34. Bf1 Nd7 35. g3 N7b6 36. Bf8+ Kc6 37. Bg2 Nc4+ 38. Kc1 Nxc3 39. Kc2 Nd5 40. Bxe4 g5 41. Bh6 Nd6 42. Bxd5+ Kxd5 43. Bxg5 Ke4 44. g4 Kf3 45. Be3 Kg2 46. Kd3 Kxh3 47. g5 Kg4 48. g6 Ne8 49. Ke4 Kh5 50. Kf5 Ng7+ 51. Kf6 Ne8+ 52. Kf7 Nd6+ 53. Ke7 Nf5+ 54. Kf6 1-0

[Event "Albert Boxer Classic"]
[Site "Winnipeg CAN"]
[Date "2000.09.03"]
[Round "3"]
[White "Repa, Jason"]
[Black "Lafreniere, Adrian"]
[Result "1-0"]
[WhiteElo "1940"]
[BlackElo "1680"]
[PlyCount "71"]
[GameId "2160767911652550"]
[EventDate "2000.09.02"]
[EventType "swiss"]
[EventRounds "5"]
[EventCountry "CAN"]
[SourceTitle "EXT 2003"]
[Source "ChessBase"]
[SourceDate "2002.11.25"]
[SourceVersion "1"]
[SourceVersionDate "2002.11.25"]
[SourceQuality "1"]

1. e4 c5 2. c3 d5 3. exd5 Qxd5 4. d4 e6 5. Nf3 Nc6 6. Be2 Nf6 7. O-O Be7 8. Re1 O-O 9. h3 cxd4 10. cxd4 b6 11. Nc3 Qd7 12. Bb5 Bb7 13. Ne5 Qc7 14. Nxc6 Bxc6 15. Bxc6 Qxc6 16. d5 Qc4 17. dxe6 fxe6 18. Qe2 Qxe2 19. Rxe2 Kf7 20. Bg5 Bb4 21. Nb5 Nd5 22. a3 Be7 23. Bxe7 Kxe7 24. g3 Kd7 25. Rd1 Rf6 26. Nd4 Kd6 27. Red2 Rh6 28. Nxe6 Kxe6 29. Rxd5 Rxh3 30. Kg2 Rh6 31. Rd6+ Kf7 32. Rxh6 gxh6 33. Rd7+ Kg6 34. Rb7 h5 35. Kh3 h6 36. Kh4 1-0

[Event "Albert Boxer Classic"]
[Site "Winnipeg CAN"]
[Date "2000.09.03"]
[Round "3"]
[White "Schulz, Waldemar"]
[Black "Lipnowski, Irwin"]
[Result "1/2-1/2"]
[WhiteElo "2016"]
[BlackElo "2333"]
[PlyCount "43"]
[GameId "2160767911652551"]
[EventDate "2000.09.02"]
[EventType "swiss"]
[EventRounds "5"]
[EventCountry "CAN"]
[SourceTitle "EXT 2003"]
[Source "ChessBase"]
[SourceDate "2002.11.25"]
[SourceVersion "1"]
[SourceVersionDate "2002.11.25"]
[SourceQuality "1"]

1. Nf3 Nf6 2. c4 e6 3. d4 Bb4+ 4. Bd2 Qe7 5. Nc3 O-O 6. e3 d6 7. Be2 b6 8. O-O Bb7 9. Ne1 Bxc3 10. Bxc3 Ne4 11. Rc1 Nd7 12. Nd3 Nxc3 13. Rxc3 c5 14. Bf3 Nf6 15. Bxb7 Qxb7 16. Nf4 Rad8 17. Ne2 Rd7 18. Rd3 Rfd8 19. Qc2 Qc6 20. Rc1 h6 21. h3 Rc8 22. Qd1 1/2-1/2

[Event "Albert Boxer Classic"]
[Site "Winnipeg CAN"]
[Date "2000.09.03"]
[Round "3"]
[White "Voje, Daniel"]
[Black "Gushuliak, Justin"]
[Result "1-0"]
[WhiteElo "1900"]
[BlackElo "2172"]
[PlyCount "79"]
[GameId "2160767911652552"]
[EventDate "2000.09.02"]
[EventType "swiss"]
[EventRounds "5"]
[EventCountry "CAN"]
[SourceTitle "EXT 2003"]
[Source "ChessBase"]
[SourceDate "2002.11.25"]
[SourceVersion "1"]
[SourceVersionDate "2002.11.25"]
[SourceQuality "1"]

1. e4 c5 2. Nf3 d6 3. d4 cxd4 4. Nxd4 Nf6 5. Nc3 Nc6 6. Be3 Ng4 7. Qd2 Nxe3 8. Qxe3 Qb6 9. O-O-O e6 10. Ndb5 Qxe3+ 11. fxe3 Kd7 12. Nxd6 Bxd6 13. Nb5 Ke7 14. Nxd6 Rd8 15. Nxc8+ Raxc8 16. Bd3 Ne5 17. Be2 Rxd1+ 18. Rxd1 Rd8 19. Rd4 Nc6 20. Ra4 a6 21. c4 Kd6 22. Kc2 Ne5 23. b4 Nd7 24. Ra5 Nb8 25. e5+ Kc7 26. Bf3 Rd7 27. Kc3 Nc6 28. Rc5 Kb6 29. a4 Ne7 30. Ra5 Nf5 31. c5+ Ka7 32. b5 Nxe3 33. c6 Nd5+ 34. Kd4 bxc6 35. Rxa6+ Kb8 36. bxc6 Rd8 37. Kc5 Nc7 38. Rb6+ Ka8 39. Rb7 Na6+ 40. Kb6 1-0

[Event "Albert Boxer Classic"]
[Site "Winnipeg CAN"]
[Date "2000.09.03"]
[Round "3"]
[White "Xia, Yanchong"]
[Black "Lukic, Luka"]
[Result "0-1"]
[WhiteElo "1787"]
[BlackElo "1934"]
[PlyCount "80"]
[GameId "2160767911652553"]
[EventDate "2000.09.02"]
[EventType "swiss"]
[EventRounds "5"]
[EventCountry "CAN"]
[SourceTitle "EXT 2003"]
[Source "ChessBase"]
[SourceDate "2002.11.25"]
[SourceVersion "1"]
[SourceVersionDate "2002.11.25"]
[SourceQuality "1"]

1. e4 e5 2. Nf3 Nc6 3. Bc4 Be7 4. O-O Nf6 5. d3 d6 6. h3 O-O 7. Be3 Na5 8. Bb3 Nxb3 9. axb3 h6 10. Nc3 Be6 11. Ne2 c5 12. Ng3 Qd7 13. Qd2 Kh7 14. b4 b6 15. bxc5 bxc5 16. Qa5 Ng8 17. b3 Bd8 18. Qa4 Qc7 19. Rfe1 Ne7 20. Nd2 g6 21. Nc4 Nc6 22. Qa3 f5 23. exf5 gxf5 24. Bd2 f4 25. Ne4 Bxc4 26. bxc4 Nd4 27. Qc1 f3 28. Bxh6 Rg8 29. g3 Ne2+ 30. Rxe2 fxe2 31. Be3 Qd7 32. Kg2 Rg6 33. Qd2 Be7 34. Qxe2 Kg7 35. Rh1 Rh8 36. Qd2 d5 37. Nxc5 Bxc5 38. Bxc5 dxc4 39. Qe3 Qd5+ 40. Kh2 Rxh3+ 0-1

[Event "Albert Boxer Classic"]
[Site "Winnipeg CAN"]
[Date "2000.09.04"]
[Round "4"]
[White "Babb, Jeff"]
[Black "Lukic, Luka"]
[Result "1-0"]
[WhiteElo "2223"]
[BlackElo "1934"]
[PlyCount "69"]
[GameId "2160767911652554"]
[EventDate "2000.09.02"]
[EventType "swiss"]
[EventRounds "5"]
[EventCountry "CAN"]
[SourceTitle "EXT 2003"]
[Source "ChessBase"]
[SourceDate "2002.11.25"]
[SourceVersion "1"]
[SourceVersionDate "2002.11.25"]
[SourceQuality "1"]

1. Nf3 d5 2. b3 Bg4 3. Bb2 Nd7 4. e3 Ngf6 5. h3 Bxf3 6. Qxf3 e5 7. d3 Bd6 8. Nd2 O-O 9. g3 c6 10. Bg2 Qa5 11. a3 Rfe8 12. Qe2 Qd8 13. O-O Nb6 14. c4 Qe7 15. b4 Na4 16. Bc1 Nc3 17. Qe1 e4 18. Bb2 Na4 19. Bxf6 gxf6 20. cxd5 cxd5 21. dxe4 dxe4 22. Nxe4 Be5 23. f4 Bb2 24. g4 Rac8 25. Rf2 b5 26. Rb1 f5 27. gxf5 Bg7 28. Rc1 Kh8 29. Rfc2 Rxc2 30. Rxc2 Rd8 31. Qe2 a6 32. Rc6 h6 33. f6 Bxf6 34. Rxf6 Nc3 35. Qg4 1-0

[Event "Albert Boxer Classic"]
[Site "Winnipeg CAN"]
[Date "2000.09.04"]
[Round "4"]
[White "Drake, Jason"]
[Black "Schulz, Waldemar"]
[Result "1-0"]
[WhiteElo "1947"]
[BlackElo "2016"]
[PlyCount "51"]
[GameId "2160767911652555"]
[EventDate "2000.09.02"]
[EventType "swiss"]
[EventRounds "5"]
[EventCountry "CAN"]
[SourceTitle "EXT 2003"]
[Source "ChessBase"]
[SourceDate "2002.11.25"]
[SourceVersion "1"]
[SourceVersionDate "2002.11.25"]
[SourceQuality "1"]

1. e4 c5 2. Nf3 e6 3. c3 Nf6 4. e5 Nd5 5. d4 cxd4 6. cxd4 d6 7. Nc3 Nxc3 8. bxc3 Be7 9. Bd3 Nc6 10. O-O Qa5 11. Bf4 d5 12. Qc2 h6 13. Rfb1 Qc7 14. c4 Nd8 15. Qe2 dxc4 16. Bxc4 O-O 17. Bd3 Qc6 18. Rc1 Qd5 19. Bc4 Qd7 20. Qe4 f5 21. exf6 Bxf6 22. Bd3 Nc6 23. Ne5 Bxe5 24. Bxe5 Nxe5 25. Qh7+ Kf7 26. dxe5 1-0

[Event "Albert Boxer Classic"]
[Site "Winnipeg CAN"]
[Date "2000.09.04"]
[Round "4"]
[White "Hanrahan, Nigel"]
[Black "Walker, Erin"]
[Result "1-0"]
[WhiteElo "1635"]
[BlackElo "1898"]
[PlyCount "73"]
[GameId "2160767911652556"]
[EventDate "2000.09.02"]
[EventType "swiss"]
[EventRounds "5"]
[EventCountry "CAN"]
[SourceTitle "EXT 2003"]
[Source "ChessBase"]
[SourceDate "2002.11.25"]
[SourceVersion "1"]
[SourceVersionDate "2002.11.25"]
[SourceQuality "1"]

1. c4 e5 2. g3 Nf6 3. Bg2 Be7 4. Nc3 Nc6 5. Nf3 d6 6. O-O Bg4 7. h3 Bf5 8. g4 Bg6 9. d4 h5 10. dxe5 dxe5 11. Qxd8+ Rxd8 12. g5 Ne4 13. Nd5 Bd6 14. h4 O-O 15. Be3 Rfe8 16. Rac1 b6 17. Rfd1 Nb8 18. a3 c6 19. Nc3 Nxc3 20. Rxc3 Bc7 21. Rxd8 Rxd8 22. Nd2 c5 23. Bd5 Bf5 24. Kg2 Nd7 25. Ne4 Kf8 26. Ng3 Bg6 27. Be4 Bxe4+ 28. Nxe4 f5 29. gxf6 Nxf6 30. Nxf6 gxf6 31. Bh6+ Kf7 32. Rd3 Rxd3 33. exd3 f5 34. Bd2 Bd8 35. Kg3 Kf6 36. Bg5+ Ke6 37. Bxd8 1-0

[Event "Albert Boxer Classic"]
[Site "Winnipeg CAN"]
[Date "2000.09.04"]
[Round "4"]
[White "Hare, Doug"]
[Black "Lipnowski, Samuel"]
[Result "1/2-1/2"]
[WhiteElo "2134"]
[BlackElo "1975"]
[PlyCount "46"]
[GameId "2160767911652557"]
[EventDate "2000.09.02"]
[EventType "swiss"]
[EventRounds "5"]
[EventCountry "CAN"]
[SourceTitle "EXT 2003"]
[Source "ChessBase"]
[SourceDate "2002.11.25"]
[SourceVersion "1"]
[SourceVersionDate "2002.11.25"]
[SourceQuality "1"]

1. e4 c6 2. d4 d5 3. exd5 cxd5 4. Bd3 Nc6 5. c3 Nf6 6. Bf4 Bg4 7. Nf3 e6 8. Nbd2 Bd6 9. Bxd6 Qxd6 10. O-O O-O 11. Re1 Rfc8 12. Qb1 Bh5 13. Ne5 Bg6 14. Bxg6 hxg6 15. Ndf3 Ne4 16. Re3 Nxe5 17. Nxe5 b5 18. Qc1 a5 19. Rh3 Qe7 20. a3 b4 21. axb4 axb4 22. Rxa8 Rxa8 23. Nc6 Qg5 1/2-1/2

[Event "Albert Boxer Classic"]
[Site "Winnipeg CAN"]
[Date "2000.09.04"]
[Round "4"]
[White "Lauritson, Jim"]
[Black "Kaptsan, Aron"]
[Result "0-1"]
[WhiteElo "1974"]
[BlackElo "2125"]
[PlyCount "68"]
[GameId "2160767911652560"]
[EventDate "2000.09.02"]
[EventType "swiss"]
[EventRounds "5"]
[EventCountry "CAN"]
[SourceTitle "EXT 2003"]
[Source "ChessBase"]
[SourceDate "2002.11.25"]
[SourceVersion "1"]
[SourceVersionDate "2002.11.25"]
[SourceQuality "1"]

1. e4 e5 2. Nc3 Nf6 3. g3 d5 4. exd5 Nxd5 5. Bg2 Be6 6. Nge2 Nc6 7. O-O Qd7 8. a3 f6 9. b4 h5 10. Ne4 O-O-O 11. c4 Nb6 12. c5 Nd5 13. Qa4 Kb8 14. h4 Nd4 15. Qd1 Ne7 16. Nxd4 Qxd4 17. Rb1 Nf5 18. Bb2 Qd3 19. Qf3 Qxf3 20. Bxf3 Nd4 21. Bxd4 Rxd4 22. Rfd1 Be7 23. Kf1 Bc4+ 24. Ke1 Bd3 25. Nc3 Bxb1 26. Nxb1 g6 27. Nc3 c6 28. Ne2 Rd7 29. Nc3 f5 30. d3 Kc7 31. Ne2 Rhd8 32. Nc1 Bf6 33. Be2 e4 34. dxe4 Bc3+ 0-1

[Event "Albert Boxer Classic"]
[Site "Winnipeg CAN"]
[Date "2000.09.04"]
[Round "4"]
[White "Mundwiler, Les"]
[Black "Repa, Jason"]
[Result "1-0"]
[WhiteElo "2026"]
[BlackElo "1940"]
[PlyCount "115"]
[GameId "2160767911652561"]
[EventDate "2000.09.02"]
[EventType "swiss"]
[EventRounds "5"]
[EventCountry "CAN"]
[SourceTitle "EXT 2003"]
[Source "ChessBase"]
[SourceDate "2002.11.25"]
[SourceVersion "1"]
[SourceVersionDate "2002.11.25"]
[SourceQuality "1"]

1. c4 e6 2. e4 d5 3. cxd5 exd5 4. exd5 Nf6 5. Nc3 Nxd5 6. Be2 Be7 7. Bf3 Be6 8. d4 O-O 9. Nge2 c6 10. Nf4 Nxf4 11. Bxf4 Bf6 12. Be3 Na6 13. O-O Nc7 14. Ne4 Nd5 15. Nxf6+ Qxf6 16. Qd2 h6 17. Be4 Rad8 18. Rad1 Rfe8 19. Bb1 Bf5 20. Bxf5 Qxf5 21. Rc1 a6 22. b3 Re4 23. Rce1 Rde8 24. Qc1 Qd7 25. a3 Qe6 26. Bd2 Qf6 27. Rxe4 Rxe4 28. Be3 Qe6 29. Re1 Nf4 30. Qd2 Nd5 31. b4 f5 32. Qc1 Nf4 33. f3 Nd3 34. Qd2 Rxd4 35. Bxd4 Qxe1+ 36. Qxe1 Nxe1 37. Kf2 Nd3+ 38. Ke3 Ne1 39. Kf2 Nd3+ 40. Ke3 Nc1 41. Kd2 Nb3+ 42. Kc3 Nxd4 43. Kxd4 b6 44. Ke5 Kf7 45. Kd6 c5 46. bxc5 bxc5 47. Kxc5 g5 48. Kb6 h5 49. Kxa6 f4 50. Kb7 g4 51. a4 h4 52. h3 Ke6 53. a5 Kd5 54. a6 Kd4 55. a7 gxh3 56. gxh3 Ke3 57. a8=Q Kxf3 58. Qg8 1-0

[Event "Albert Boxer Classic"]
[Site "Winnipeg CAN"]
[Date "2000.09.04"]
[Round "4"]
[White "Proulx, Roy"]
[Black "Xia, Yanchong"]
[Result "1/2-1/2"]
[WhiteElo "1663"]
[BlackElo "1787"]
[PlyCount "85"]
[GameId "2160767911652562"]
[EventDate "2000.09.02"]
[EventType "swiss"]
[EventRounds "5"]
[EventCountry "CAN"]
[SourceTitle "EXT 2003"]
[Source "ChessBase"]
[SourceDate "2002.11.25"]
[SourceVersion "1"]
[SourceVersionDate "2002.11.25"]
[SourceQuality "1"]

1. e4 c5 2. Nf3 Nc6 3. d4 cxd4 4. Nxd4 Nf6 5. Nc3 e5 6. Ndb5 d6 7. Bg5 a6 8. Na3 b5 9. Nd5 Be7 10. Bxf6 Bxf6 11. c4 b4 12. Nc2 Rb8 13. Qd2 Bg5 14. Qd3 O-O 15. Nce3 Qa5 16. b3 Nd4 17. f4 exf4 18. Qxd4 fxe3 19. Bd3 Qc5 20. Qb2 Be6 21. Qe2 Bxd5 22. exd5 Qd4 23. O-O Rbe8 24. Rad1 Qh4 25. Rf3 g6 26. Rh3 Qf2+ 27. Qxf2 exf2+ 28. Kxf2 f5 29. Rf3 Bf6 30. Kf1 Re7 31. Re1 Rfe8 32. Rxe7 Rxe7 33. g4 Bc3 34. gxf5 Re5 35. Kg2 gxf5 36. Bxf5 Re2+ 37. Rf2 Rxf2+ 38. Kxf2 Bd4+ 39. Kf3 Bc5 40. Kf4 Kg7 41. Bc8 a5 42. h4 Kf7 43. h5 1/2-1/2

[Event "Albert Boxer Classic"]
[Site "Winnipeg CAN"]
[Date "2000.09.04"]
[Round "4"]
[White "Vincent, Trevor"]
[Black "Lipnowski, Michael"]
[Result "0-1"]
[WhiteElo "1320"]
[BlackElo "1749"]
[PlyCount "63"]
[GameId "2160767911652563"]
[EventDate "2000.09.02"]
[EventType "swiss"]
[EventRounds "5"]
[EventCountry "CAN"]
[SourceTitle "EXT 2003"]
[Source "ChessBase"]
[SourceDate "2002.11.25"]
[SourceVersion "1"]
[SourceVersionDate "2002.11.25"]
[SourceQuality "1"]

1. c4 c5 2. Nc3 Nc6 3. g3 g6 4. Bg2 Bg7 5. Nf3 d6 6. d3 Nf6 7. O-O O-O 8. Re1 Qc7 9. a3 a6 10. h3 Rb8 11. Rb1 b5 12. cxb5 axb5 13. Qc2 b4 14. axb4 Nxb4 15. Qd1 Bb7 16. Kh2 Nc6 17. Bg5 Rfe8 18. Bxf6 exf6 19. Qd2 f5 20. Qf4 Red8 21. e4 Ba6 22. exf5 Bxd3 23. Rbd1 Bxf5 24. Rd2 Rxb2 25. Rxb2 Bxc3 26. Rbe2 Bxe1 27. Rxe1 Qd7 28. Qh6 f6 29. Nh4 Nd4 30. g4 Be6 31. Be4 Qg7 32. Qf4 0-1

[Event "Albert Boxer Classic"]
[Site "Winnipeg CAN"]
[Date "2000.09.04"]
[Round "4"]
[White "Voje, Daniel"]
[Black "Lipnowski, Irwin"]
[Result "0-1"]
[WhiteElo "1900"]
[BlackElo "2333"]
[PlyCount "94"]
[GameId "2160767911652564"]
[EventDate "2000.09.02"]
[EventType "swiss"]
[EventRounds "5"]
[EventCountry "CAN"]
[SourceTitle "EXT 2003"]
[Source "ChessBase"]
[SourceDate "2002.11.25"]
[SourceVersion "1"]
[SourceVersionDate "2002.11.25"]
[SourceQuality "1"]

1. e4 c5 2. Nf3 e6 3. d4 cxd4 4. Nxd4 a6 5. Bd3 Qc7 6. O-O Nf6 7. f4 d6 8. g4 d5 9. e5 Ne4 10. c3 Nd7 11. Qf3 Be7 12. Nd2 Ndc5 13. Bxe4 dxe4 14. Nxe4 O-O 15. g5 Nxe4 16. Qxe4 b6 17. Be3 Bb7 18. Qc2 Rad8 19. h4 Ba8 20. Kh2 Bc5 21. Qf2 g6 22. b4 Be7 23. Rfc1 Qb7 24. Rg1 Rc8 25. Rac1 Rc4 26. Nb3 Rfc8 27. Bd4 Bd8 28. Nd2 R4c7 29. Bxb6 Rxc3 30. Rxc3 Rxc3 31. Bxd8 Rc2 32. Bb6 Rxa2 33. Rd1 Qd5 34. Be3 Qd3 35. Re1 Bd5 36. Re2 Bc4 37. Re1 Rb2 38. Rc1 Bd5 39. Kg3 Kg7 40. Rd1 Rxb4 41. Re1 a5 42. Qe2 Qc3 43. Rb1 a4 44. Rxb4 Qxb4 45. Qd3 a3 46. Bd4 a2 47. Bc3 Qa3 0-1

[Event "Albert Boxer Classic"]
[Site "Winnipeg CAN"]
[Date "2000.09.04"]
[Round "5"]
[White "Boron, Anthony"]
[Black "Hare, Doug"]
[Result "1-0"]
[WhiteElo "1887"]
[BlackElo "2134"]
[PlyCount "151"]
[GameId "2160767911652565"]
[EventDate "2000.09.02"]
[EventType "swiss"]
[EventRounds "5"]
[EventCountry "CAN"]
[SourceTitle "EXT 2003"]
[Source "ChessBase"]
[SourceDate "2002.11.25"]
[SourceVersion "1"]
[SourceVersionDate "2002.11.25"]
[SourceQuality "1"]

1. d4 d5 2. Nf3 Nf6 3. e3 Bf5 4. c4 e6 5. Qb3 Nc6 6. Bd2 Rb8 7. Bd3 Bxd3 8. Qxd3 dxc4 9. Qxc4 Qd5 10. Qxd5 exd5 11. Nc3 Be7 12. Ke2 O-O 13. Rac1 Rfe8 14. Ne5 Nd8 15. Rhe1 c6 16. h3 Bd6 17. Nf3 Ne6 18. Kf1 Nf8 19. Rc2 N8d7 20. Na4 Ne4 21. Rec1 f5 22. Be1 f4 23. exf4 Bxf4 24. Bd2 Nxd2+ 25. Nxd2 Re7 26. Re1 Rbe8 27. Rxe7 Rxe7 28. Nf3 Kf7 29. Nc5 Nf6 30. Nd3 Bd6 31. Nfe5+ Ke8 32. f4 Ne4 33. g4 Bc7 34. Nf2 Nd6 35. Ke2 g5 36. f5 Nc4 37. Nfd3 Nxe5 38. dxe5 Bxe5 39. Nxe5 Rxe5+ 40. Kf3 d4 41. Re2 Rxe2 42. Kxe2 Ke7 43. Kd3 c5 44. b4 b6 45. b5 Kd6 46. Ke4 Ke7 47. Kd3 Kf7 48. Ke4 Kf6 49. Kd3 Ke5 50. Kc4 Kd6 51. a4 Ke5 52. Kd3 Kd5 53. Kd2 c4 54. Kd1 Kc5 55. Kc1 Kd6 56. Kc2 Ke5 57. Kd2 h6 58. Kd1 d3 59. Kd2 Kd5 60. Kc3 Kc5 61. Kd2 Kd6 62. Kc3 Ke5 63. Kd2 h5 64. Ke3 Kf6 65. Kd2 Ke5 66. Ke3 hxg4 67. hxg4 Kd5 68. Kd2 Kd4 69. f6 c3+ 70. Kd1 d2 71. Ke2 Kc4 72. f7 Kb3 73. f8=Q Kc2 74. Qf5+ Kc1 75. Qf1+ Kb2 76. Kd3 1-0

[Event "Albert Boxer Classic"]
[Site "Winnipeg CAN"]
[Date "2000.09.04"]
[Round "5"]
[White "Gustafson, Dale"]
[Black "Mundwiler, Les"]
[Result "1/2-1/2"]
[WhiteElo "1802"]
[BlackElo "2026"]
[PlyCount "51"]
[GameId "2160767911652566"]
[EventDate "2000.09.02"]
[EventType "swiss"]
[EventRounds "5"]
[EventCountry "CAN"]
[SourceTitle "EXT 2003"]
[Source "ChessBase"]
[SourceDate "2002.11.25"]
[SourceVersion "1"]
[SourceVersionDate "2002.11.25"]
[SourceQuality "1"]

1. e4 e5 2. f4 Bc5 3. Nf3 d6 4. c3 f5 5. d3 fxe4 6. dxe4 Nf6 7. fxe5 Nxe4 8. Qa4+ Bd7 9. Qxe4 Bc6 10. Qe2 O-O 11. Be3 Bxf3 12. gxf3 Qh4+ 13. Bf2 Bxf2+ 14. Qxf2 Qf4 15. Nd2 Nc6 16. e6 Rae8 17. O-O-O Ne5 18. Kb1 Qf5+ 19. Kc1 Qxe6 20. Qd4 c5 21. Qe3 Qxa2 22. Bb5 c4 23. Qxe5 Qa1+ 24. Kc2 Qxd1+ 25. Rxd1 Rxe5 26. Bxc4+ 1/2-1/2

[Event "Albert Boxer Classic"]
[Site "Winnipeg CAN"]
[Date "2000.09.04"]
[Round "5"]
[White "Kaptsan, Aron"]
[Black "Voje, Daniel"]
[Result "0-1"]
[WhiteElo "2125"]
[BlackElo "1900"]
[PlyCount "70"]
[GameId "2160767911652568"]
[EventDate "2000.09.02"]
[EventType "swiss"]
[EventRounds "5"]
[EventCountry "CAN"]
[SourceTitle "EXT 2003"]
[Source "ChessBase"]
[SourceDate "2002.11.25"]
[SourceVersion "1"]
[SourceVersionDate "2002.11.25"]
[SourceQuality "1"]

1. d4 Nf6 2. c4 e6 3. Nc3 Bb4 4. Qc2 O-O 5. Nf3 c5 6. dxc5 Qa5 7. Bd2 Qxc5 8. e3 Ba5 9. Rc1 Nc6 10. a3 Qh5 11. Be2 Ne7 12. O-O Bc7 13. Rfe1 a6 14. Ne4 Nxe4 15. Qxe4 f5 16. Qh4 Qe8 17. Bb4 Rf6 18. Red1 e5 19. e4 Ng6 20. Qh5 Qd8 21. g3 Nf4 22. gxf4 Rh6 23. Qg5 Rg6 24. exf5 Rxg5+ 25. Nxg5 Qf6 26. c5 h6 27. Bc4+ Kh8 28. Nf7+ Kh7 29. fxe5 Bxe5 30. Re1 Bxb2 31. Rcd1 d5 32. cxd6 Bxf5 33. Re3 Bg4 34. Rdd3 Bd4 35. Re4 Qxf2+ 0-1

[Event "Albert Boxer Classic"]
[Site "Winnipeg CAN"]
[Date "2000.09.04"]
[Round "5"]
[White "Lipnowski, Irwin"]
[Black "Drake, Jason"]
[Result "1-0"]
[WhiteElo "2333"]
[BlackElo "1947"]
[PlyCount "63"]
[GameId "2160767911652569"]
[EventDate "2000.09.02"]
[EventType "swiss"]
[EventRounds "5"]
[EventCountry "CAN"]
[SourceTitle "EXT 2003"]
[Source "ChessBase"]
[SourceDate "2002.11.25"]
[SourceVersion "1"]
[SourceVersionDate "2002.11.25"]
[SourceQuality "1"]

1. c4 f5 2. g3 Nf6 3. Bg2 g6 4. Nc3 Bg7 5. d3 O-O 6. e3 d6 7. Nge2 e5 8. O-O c6 9. e4 Be6 10. exf5 gxf5 11. Bg5 Qe8 12. b3 Qh5 13. Qd2 Nbd7 14. f4 Rae8 15. Rae1 Ng4 16. h3 Nh6 17. d4 Nf7 18. Bh4 exd4 19. Nxd4 Qg6 20. Nxe6 Rxe6 21. Rxe6 Qxe6 22. Re1 Qg6 23. Re7 Nc5 24. b4 Bf6 25. bxc5 Bxh4 26. gxh4 dxc5 27. Rxb7 Qf6 28. Ne2 Qe6 29. Kf2 Qxc4 30. Bxc6 Rd8 31. Qe3 Nd6 32. Qg3+ 1-0

[Event "Albert Boxer Classic"]
[Site "Winnipeg CAN"]
[Date "2000.09.04"]
[Round "5"]
[White "Lipnowski, Samuel"]
[Black "Babb, Jeff"]
[Result "1/2-1/2"]
[WhiteElo "1975"]
[BlackElo "2223"]
[PlyCount "51"]
[GameId "2160767911652570"]
[EventDate "2000.09.02"]
[EventType "swiss"]
[EventRounds "5"]
[EventCountry "CAN"]
[SourceTitle "EXT 2003"]
[Source "ChessBase"]
[SourceDate "2002.11.25"]
[SourceVersion "1"]
[SourceVersionDate "2002.11.25"]
[SourceQuality "1"]

1. d4 d5 2. c4 Nc6 3. e3 e5 4. dxe5 dxc4 5. Qxd8+ Kxd8 6. Bxc4 Nxe5 7. Be2 Bf5 8. Nf3 Nd3+ 9. Bxd3 Bxd3 10. Ne5 Bxb1 11. Rxb1 Ke8 12. Bd2 Nf6 13. Ke2 Ne4 14. Rhd1 f6 15. Nf3 Bc5 16. Be1 a5 17. Nd4 Bxd4 18. Rxd4 Nd6 19. Ra4 Kd7 20. a3 b6 21. Rd4 Rhe8 22. f3 Kc6 23. g4 Rad8 24. Rc1+ Kb7 25. Bg3 Re7 26. Bxd6 1/2-1/2